|
|
|
|
| LEADER |
00000nam0a2200000 4500 |
| 001 |
278936 |
| 005 |
20231101235148.0 |
| 020 |
|
|
|a RU
|b 86-38415
|
| 035 |
|
|
|a (RuTPU)RU\TPU\book\302214
|
| 090 |
|
|
|a 278936
|
| 100 |
|
|
|a 20141216d1986 k y0rusy5003 ca
|
| 101 |
0 |
|
|a rus
|
| 102 |
|
|
|a RU
|
| 105 |
|
|
|a a z 001zy
|
| 200 |
1 |
|
|a Методы расчета и оптимальное проектирование железобетонных фундаментных конструкций
|f В. И. Соломин, С. Б. Шматков
|
| 210 |
|
|
|a Москва
|c Стройиздат
|d 1986
|
| 215 |
|
|
|a 208 с.
|c ил.
|
| 320 |
|
|
|a Библиогр.: с. 201-206 (92 назв.)
|
| 606 |
1 |
|
|a Основания и фундаменты
|x Расчет
|x Проектирование
|2 stltpush
|3 (RuTPU)RU\TPU\subj\68928
|9 83991
|
| 610 |
1 |
|
|a балки
|
| 610 |
1 |
|
|a плиты
|
| 610 |
1 |
|
|a железобетонные фундаменты
|
| 610 |
1 |
|
|a деформация
|
| 610 |
1 |
|
|a физические уравнения
|
| 610 |
1 |
|
|a грунт
|
| 675 |
|
|
|a 624.15.04
|z rus
|v 4
|
| 700 |
|
1 |
|a Соломин
|b В. И.
|g Виталий Иванович
|4 070
|
| 701 |
|
1 |
|a Шматков
|b С. Б.
|g Сергей Борисович
|4 070
|
| 801 |
|
0 |
|a RU
|b RuMRKP
|c 19950704
|g psbo
|
| 801 |
|
1 |
|a RU
|b 63413507
|c 20141216
|
| 801 |
|
2 |
|a RU
|b 63413507
|c 20170413
|g RCR
|
| 942 |
|
|
|c BK
|